| 000 | 00594 a2200181 4500 | ||
|---|---|---|---|
| 020 | _a0130125342 | ||
| 040 |
_aDLC _bDLC |
||
| 082 | 0 | 0 | _a519.5/42 |
| 100 | 1 | _aNeapolitan, Richard E. | |
| 245 | 1 | 0 |
_aLearning Bayesian networks _cRichard E. Neapolitan. |
| 260 |
_aUpper Saddle River, NJ : _bPearson Prentice Hall, _cc2004. |
||
| 300 |
_axv, 674 p. : _bill. ; _c24 cm. |
||
| 440 | 0 | _aPrentice Hall series in artificial intelligence | |
| 650 | 0 | _aBayesian statistical decision theory. | |
| 650 | 0 | _aMachine learning. | |
| 650 | 0 | _aNeural networks (Computer science) | |
| 942 |
_cBK _k519.542 NEA _2ddc |
||
| 999 |
_c7737 _d7737 |
||